000 00397nam a22001337a 4500
003 SGT
082 _a617.643
_bS17G
100 _aANKIT, GUPTA
245 _aA STUDY OF FACIAL PHOTOGRAPHIC ANALYSIS PROPORTIONAL ANALYSIS AND SMILE INDEX USING STANDARDIZED FACIAL PHOTOGRAPHS
260 _aDELHI NCR
_bSGT UNIVERSITY GURUGRAM
_c2017
300 _a1-64
650 _aORTHODONTICS
942 _2ddc
_cTH
999 _c17440
_d17440